[Event "Corbins Lleida Nadal op"]
[Site "Corbins"]
[Date "2023.12.30"]
[Round "7"]
[White "Masague Artero, Guerau"]
[Black "Quintas Galeano, Lluis"]
[Result "1-0"]
[WhiteElo "2324"]
[BlackElo "2092"]
[PlyCount "109"]
[EventDate "2023.12.27"]
[EventType "swiss"]
[EventRounds "8"]
[EventCountry "ESP"]
[SourceTitle "CB02_2024"]
[SourceDate "2024.01.10"]
[SourceVersion "1"]
[SourceVersionDate "2024.01.10"]
[SourceQuality "1"]

1. d4 Nf6 2. c4 g6 3. Nc3 Bg7 4. e4 d6 5. f3 0-0 6. Be3 e5 7. d5 c6 8. Qd2 cxd5 9. cxd5 a6 10. Bd3 b5 11. Nge2 Nbd7 12. Rc1 Nc5 13. Bc2 Nh5 14. 0-0 f5 15. Rfd1 Nd7 16. a4 Nb6 17. b3 f4 18. Bf2 bxa4 19. Nxa4 Nxa4 20. bxa4 g5 21. h3 Nf6 22. Qb4 h5 23. Qb6 Qe7 24. Bd3 Bd7 25. Rc7 Ne8 26. Rxd7 Qxd7 27. Qc6 Rd8 28. Bb6 g4 29. Qxd7 Rxd7 30. Rc1 gxf3 31. gxf3 Bf6 32. Rc8 Ng7 33. Bxa6 Bd8 34. a5 h4 35. Nc3 Kf7 36. Nb5 Ke7 37. Rc6 Ne8 38. Bc8 Rg8+ 39. Kf2 Rg3 40. Bxd7 Kxd7 41. Bxd8 Kxd8 42. Nxd6 Rxh3 43. Nxe8 Kxe8 44. Re6+ Kd7 45. Rxe5 Rh2+ 46. Kg1 Rh3 47. Kf2 Rh2+ 48. Kf1 Rh3 49. Ke2 Rh2+ 50. Kd3 Rf2 51. Rh5 Rxf3+ 52. Kd4 h3 53. Rh7+ Ke8 54. a6 Ra3 55. a7 1-0

[Event "Corbins Lleida Nadal op"]
[Site "Corbins"]
[Date "2023.12.30"]
[Round "8"]
[White "Quintas Galeano, Lluis"]
[Black "Massot Fernandez, Ian"]
[Result "1-0"]
[WhiteElo "2092"]
[BlackElo "1457"]
[PlyCount "71"]
[EventDate "2023.12.27"]
[EventType "swiss"]
[EventRounds "8"]
[EventCountry "ESP"]
[SourceTitle "CB02_2024"]
[SourceDate "2024.01.10"]
[SourceVersion "1"]
[SourceVersionDate "2024.01.10"]
[SourceQuality "1"]

1. e4 c5 2. Nc3 d6 3. g3 Nf6 4. Bg2 g6 5. d3 Nc6 6. h3 Bg7 7. Be3 Rb8 8. f4 h5 9. Nge2 b5 10. e5 Nxe5 11. fxe5 dxe5 12. Bxc5 Qc7 13. Bf2 Bb7 14. 0-0 Bxg2 15. Kxg2 Rd8 16. Qe1 b4 17. Ne4 Nxe4 18. dxe4 Qxc2 19. Ng1 Rd4 20. Qb1 Qxb1 21. Raxb1 Rxe4 22. Bxa7 Bh6 23. Rfe1 Rxe1 24. Rxe1 f6 25. Bc5 Kf7 26. Bxb4 Rd8 27. a4 Ke8 28. Nf3 Rc8 29. Bc3 Rc4 30. a5 e4 31. Nd4 Kd7 32. Ra1 Rc8 33. a6 Ra8 34. a7 Be3 35. Nc2 Rxa7 36. Rxa7+ 1-0

[Event "Corbins Lleida Nadal op"]
[Site "Corbins"]
[Date "2023.12.29"]
[Round "5"]
[White "Quintas Galeano, Lluis"]
[Black "Pham Guerrero, Sergi"]
[Result "1/2-1/2"]
[WhiteElo "2092"]
[BlackElo "2089"]
[PlyCount "82"]
[EventDate "2023.12.27"]
[EventType "swiss"]
[EventRounds "8"]
[EventCountry "ESP"]
[SourceTitle "CB02_2024"]
[SourceDate "2024.01.10"]
[SourceVersion "1"]
[SourceVersionDate "2024.01.10"]
[SourceQuality "1"]

1. e4 c5 2. Nf3 d6 3. c3 Nf6 4. h3 Nc6 5. Bd3 d5 6. e5 Nd7 7. Qe2 e6 8. Bc2 Qb6 9. 0-0 Be7 10. Rd1 f5 11. exf6 Nxf6 12. d4 0-0 13. Ne5 cxd4 14. Nxc6 bxc6 15. cxd4 c5 16. Be3 Ba6 17. Qd2 Rab8 18. Nc3 Qc7 19. Rac1 Kh8 20. Bf4 Bd6 21. Bxd6 Qxd6 22. b3 Rbc8 23. Bb1 Rf7 24. dxc5 Rxc5 25. Na4 Rcc7 26. Rxc7 Rxc7 27. Rc1 Kg8 28. Rxc7 Qxc7 29. Qe3 e5 30. Qc5 Qb7 31. Qd6 Qb5 32. Bf5 h6 33. Bg6 Nh7 34. Nc5 Qf1+ 35. Kh2 Qxf2 36. Qe6+ Kh8 37. Nxa6 Qf4+ 38. Kg1 Qd4+ 39. Kf1 Qd1+ 40. Kf2 Qd2+ 41. Kf1 Qc1+ 1/2-1/2

[Event "Corbins Lleida Nadal op"]
[Site "Corbins"]
[Date "2023.12.27"]
[Round "1"]
[White "Quintas Galeano, Lluis"]
[Black "Niubo Parramon, Edgar"]
[Result "1-0"]
[WhiteElo "2092"]
[BlackElo "1571"]
[PlyCount "31"]
[EventDate "2023.12.27"]
[EventType "swiss"]
[EventRounds "8"]
[EventCountry "ESP"]
[SourceTitle "CB02_2024"]
[SourceDate "2024.01.10"]
[SourceVersion "1"]
[SourceVersionDate "2024.01.10"]
[SourceQuality "1"]

1. e4 e5 2. Nf3 d6 3. d4 exd4 4. Nxd4 Nf6 5. Nc3 g6 6. Bg5 c6 7. Qd2 Bg7 8. f3 0-0 9. 0-0-0 Qc7 10. a4 a6 11. h4 Nbd7 12. h5 b5 13. hxg6 fxg6 14. Ne6 Qb6 15. Nxf8 Bxf8 16. Be3 1-0

[Event "Corbins Lleida Nadal op"]
[Site "Corbins"]
[Date "2023.12.27"]
[Round "2"]
[White "Rodon Balcells, Jaume"]
[Black "Quintas Galeano, Lluis"]
[Result "0-1"]
[WhiteElo "1759"]
[BlackElo "2092"]
[PlyCount "92"]
[EventDate "2023.12.27"]
[EventType "swiss"]
[EventRounds "8"]
[EventCountry "ESP"]
[SourceTitle "CB02_2024"]
[SourceDate "2024.01.10"]
[SourceVersion "1"]
[SourceVersionDate "2024.01.10"]
[SourceQuality "1"]

1. e4 d6 2. d4 Nf6 3. Nc3 e5 4. Nf3 Nbd7 5. Bc4 Be7 6. 0-0 c6 7. Re1 h6 8. a4 Qc7 9. h3 Nf8 10. Be3 Be6 11. Qd3 Bxc4 12. Qxc4 Ne6 13. a5 0-0 14. b4 Rfe8 15. d5 cxd5 16. Qxc7 Nxc7 17. exd5 Nfxd5 18. Nxd5 Nxd5 19. Bd2 Rac8 20. Ra2 Rc4 21. b5 Rec8 22. Rc1 e4 23. Nh2 f5 24. Nf1 f4 25. g3 g5 26. h4 Bf6 27. hxg5 hxg5 28. gxf4 gxf4 29. b6 a6 30. Re1 Kf7 31. Nh2 Rg8+ 32. Kf1 f3 33. Ra3 Be5 34. Nxf3 exf3 35. Rxf3+ Ke6 36. c3 Rg7 37. Rf8 Rh4 38. Re8+ Kd7 39. Rb8 Rh1+ 40. Ke2 Rxe1+ 41. Kxe1 Ke6 42. c4 Nc3 43. Be3 d5 44. cxd5+ Nxd5 45. Re8+ Re7 46. Ra8 Nxe3 0-1

[Event "Vallfogona de Balaguer Farre Mem 2nd"]
[Site "Vallfogona de Balaguer"]
[Date "2023.05.13"]
[Round "5"]
[White "Quintas Galeano, Lluis"]
[Black "Luke Brezmes, Cristofer"]
[Result "0-1"]
[WhiteElo "2107"]
[BlackElo "2095"]
[PlyCount "90"]
[EventDate "2023.04.15"]
[EventType "swiss"]
[EventRounds "8"]
[EventCountry "ESP"]
[SourceTitle "EXT 2024"]
[Source "ChessBase"]
[SourceDate "2023.10.10"]
[SourceVersion "1"]
[SourceVersionDate "2023.10.10"]
[SourceQuality "1"]

1. e4 d6 2. d4 Nf6 3. Nc3 e5 4. Nf3 Nbd7 5. Bc4 Be7 6. 0-0 c6 7. a4 Qc7 8. Re1 h6 9. Nh4 g6 10. Bb3 Nf8 11. d5 a5 12. Nf3 g5 13. Nd2 Ng6 14. Nc4 Nf4 15. Ne3 Kf8 16. Bc4 h5 17. Bf1 Bd7 18. Ra3 Rg8 19. Rb3 Rc8 20. Nc4 cxd5 21. exd5 N6xd5 22. Nxd5 Nxd5 23. Qxd5 Be6 24. Qd1 Bxc4 25. Bxc4 Qxc4 26. Rc3 Qe6 27. Rxc8+ Qxc8 28. Qxh5 Qxc2 29. Be3 Qxa4 30. Qh6+ Ke8 31. Qh7 Rf8 32. Rc1 Qg4 33. h3 Qd7 34. Bb6 Bd8 35. Be3 Qe6 36. h4 Qg6 37. Qxg6 fxg6 38. hxg5 Kd7 39. g4 b6 40. Kg2 d5 41. Rh1 d4 42. Bc1 Be7 43. Bd2 Rc8 44. Kf3 Rc2 45. Ke2 Bxg5 0-1

[Event "Vallfogona de Balaguer Farre Mem 2nd"]
[Site "Vallfogona de Balaguer"]
[Date "2023.05.06"]
[Round "4"]
[White "Gabarro Fontanet, Xavier"]
[Black "Quintas Galeano, Lluis"]
[Result "0-1"]
[WhiteElo "1788"]
[BlackElo "2107"]
[PlyCount "90"]
[EventDate "2023.04.15"]
[EventType "swiss"]
[EventRounds "8"]
[EventCountry "ESP"]
[SourceTitle "EXT 2024"]
[Source "ChessBase"]
[SourceDate "2023.10.10"]
[SourceVersion "1"]
[SourceVersionDate "2023.10.10"]
[SourceQuality "1"]

1. e4 g6 2. d4 Bg7 3. c4 c5 4. d5 d6 5. Nc3 Nf6 6. Bd3 0-0 7. Nf3 e6 8. 0-0 exd5 9. exd5 a6 10. Bf4 Qc7 11. Qd2 Bg4 12. Ng5 Ne8 13. h3 Bd7 14. Nge4 b5 15. cxb5 c4 16. b6 Qxb6 17. Bxc4 Bf5 18. Rab1 Nd7 19. g4 Bxe4 20. Nxe4 Ne5 21. Be2 Nf6 22. Nxf6+ Bxf6 23. b3 Rfe8 24. Rbc1 a5 25. Rfd1 Re7 26. Be3 Qb4 27. Bd4 Nd7 28. Be3 Qb8 29. Rc2 Ne5 30. Rdc1 Qd8 31. Bd4 Rb7 32. Qe3 Rb4 33. Bc3 Bg5 34. Qg3 Bxc1 35. Bxb4 axb4 36. Rxc1 Rxa2 37. Bc4 Qf6 38. Kg2 g5 39. Qe3 Ng6 40. Bf1 Nf4+ 41. Kg1 Nxd5 42. Qe1 Kg7 43. Bg2 Nc3 44. Kf1 d5 45. f3 d4 0-1

[Event "Lleida Christmas op"]
[Site "Lleida"]
[Date "2022.12.27"]
[Round "2"]
[White "Quintas Galeano, Lluis"]
[Black "Cots Valls, Jordi"]
[Result "1-0"]
[WhiteElo "2095"]
[BlackElo "1667"]
[PlyCount "73"]
[EventDate "2022.12.27"]
[EventType "swiss"]
[EventRounds "8"]
[EventCountry "ESP"]
[SourceTitle "CBM 212 Extra"]
[Source "ChessBase"]
[SourceDate "2023.03.31"]
[SourceVersion "1"]
[SourceVersionDate "2023.03.31"]
[SourceQuality "1"]

1. e4 e5 2. Nf3 Nc6 3. Bb5 Nd4 4. Nxd4 exd4 5. Bc4 c6 6. 0-0 b5 7. Bb3 Bc5 8. Bxf7+ Kf8 9. Bb3 d6 10. a4 b4 11. d3 a5 12. Bf4 g5 13. Qh5 Ra7 14. Bxg5 Qe8 15. Qxe8+ Kxe8 16. Nd2 Rg7 17. Bh4 Bh3 18. Bg3 Bd7 19. e5 d5 20. e6 Bc8 21. Be5 Kf8 22. Nf3 Ne7 23. Nxd4 Rhg8 24. Bxg7+ Rxg7 25. c3 Bb6 26. Rae1 Rg6 27. Kh1 c5 28. Nf3 Bxe6 29. d4 Bf5 30. Nh4 Rf6 31. Nxf5 Rxf5 32. Re6 cxd4 33. Rxb6 d3 34. cxb4 Re5 35. Rd1 d2 36. g3 Re1+ 37. Kg2 1-0

[Event "Catalunya-chT Gp2"]
[Site "Barcelona"]
[Date "2022.02.26"]
[Round "6.3"]
[White "Alonso Garcia, Rene Marcial"]
[Black "Quintas Galeano, Lluis"]
[Result "1-0"]
[WhiteElo "2329"]
[BlackElo "2108"]
[PlyCount "71"]
[EventDate "2022.01.22"]
[EventType "team-tourn"]
[EventRounds "9"]
[EventCountry "ESP"]
[SourceTitle "CBM 208 Extra"]
[Source "ChessBase"]
[SourceDate "2022.07.31"]
[SourceVersion "1"]
[SourceVersionDate "2022.07.31"]
[SourceQuality "1"]
[WhiteTeam "Cerdanyola Valles"]
[BlackTeam "Lleida"]
[WhiteTeamCountry "ESP"]
[BlackTeamCountry "ESP"]

1. d4 Nf6 2. c4 g6 3. Nf3 Bg7 4. g3 0-0 5. Bg2 d6 6. 0-0 c6 7. Nc3 Qa5 8. e4 e5 9. dxe5 dxe5 10. Qc2 Bg4 11. Be3 Nbd7 12. Nd2 Be6 13. h3 b5 14. Nb3 Qa6 15. cxb5 cxb5 16. Nd5 Bxd5 17. exd5 Rac8 18. Qd2 Qd6 19. Rac1 Rfd8 20. Rc6 Rxc6 21. dxc6 Qxd2 22. Nxd2 Nb6 23. Rc1 Rc8 24. Ne4 Nc4 25. Nxf6+ Bxf6 26. Bxa7 e4 27. b3 Nd2 28. c7 Kg7 29. Bb6 Be5 30. Rd1 Bc3 31. Be3 Nf3+ 32. Bxf3 exf3 33. Bb6 Be5 34. Rd8 Rxc7 35. Bxc7 Bxc7 36. Rd7 1-0

[Event "Lleida Region-ch"]
[Site "Lleida"]
[Date "2021.11.28"]
[Round "8"]
[White "Codina Garcia, Jose"]
[Black "Quintas Galeano, Lluis"]
[Result "1/2-1/2"]
[WhiteElo "1892"]
[BlackElo "2122"]
[PlyCount "79"]
[EventDate "2021.10.03"]
[EventType "swiss"]
[EventRounds "8"]
[EventCountry "ESP"]
[SourceTitle "EXT 2023"]
[Source "ChessBase"]
[SourceDate "2022.10.05"]
[SourceVersion "1"]
[SourceVersionDate "2022.10.05"]
[SourceQuality "1"]

1. e4 d6 2. d4 Nf6 3. Nc3 c6 4. a4 e5 5. Nf3 Nbd7 6. Bc4 Be7 7. 0-0 0-0 8. h3 Qc7 9. Bb3 b6 10. Qe2 a5 11. dxe5 dxe5 12. Bc4 Nc5 13. Bg5 h6 14. Bxf6 Bxf6 15. Rad1 Nxa4 16. Nxa4 b5 17. Bb3 bxa4 18. Bxa4 Ba6 19. c4 Rfd8 20. b3 Be7 21. Rxd8+ Rxd8 22. Rd1 Rxd1+ 23. Qxd1 Bc5 24. Qd2 f6 25. Nh4 Bc8 26. Nf5 Kh7 27. g4 Bf8 28. f3 g6 29. Ng3 Bc5+ 30. Kg2 Bb4 31. Qd1 Qb6 32. h4 Bc5 33. h5 g5 34. Ne2 Be6 35. Qd3 Kg7 36. Ng3 Bd4 37. Nf5+ Bxf5 38. exf5 Qb4 39. Qe2 c5 40. Qe4 1/2-1/2

[Event "Vallfogona rapid op 27th"]
[Site "Vallfogona de Balaguer"]
[Date "2019.09.22"]
[Round "3"]
[White "Cruz, Jonathan"]
[Black "Quintas Galeano, Lluis"]
[Result "1-0"]
[WhiteElo "2409"]
[BlackElo "2085"]
[PlyCount "53"]
[EventDate "2019.09.22"]
[EventType "swiss (rapid)"]
[EventRounds "9"]
[EventCountry "ESP"]
[SourceTitle "EXT 2020"]
[Source "ChessBase"]
[SourceDate "2019.10.17"]
[SourceVersion "1"]
[SourceVersionDate "2019.10.17"]
[SourceQuality "1"]

1. e4 d6 2. d4 Nf6 3. Nc3 c6 4. a4 e5 5. Nf3 Nbd7 6. Bc4 Be7 7. 0-0 0-0 8. h3 Qc7 9. Bg5 h6 10. Bh4 b6 11. Bg3 Bb7 12. Nh4 Rfe8 13. Nf5 Bf8 14. dxe5 dxe5 15. f4 b5 16. axb5 cxb5 17. Bxb5 Red8 18. Qf3 Nxe4 19. Nxe4 Qb6+ 20. Kh1 Qxb5 21. fxe5 Nxe5 22. Bxe5 Qxe5 23. Nxh6+ gxh6 24. Nf6+ Kh8 25. Qxb7 Bd6 26. Ng4 Rab8 27. Nxe5 1-0

[Event "Catalunya-chT GpB final"]
[Site "Barcelona"]
[Date "2019.03.23"]
[Round "3.6"]
[White "Leiro Giralt, Daniel"]
[Black "Quintas Galeano, Lluis"]
[Result "1-0"]
[WhiteElo "2174"]
[BlackElo "2091"]
[PlyCount "121"]
[EventDate "2019.03.09"]
[EventType "team-tourn"]
[EventRounds "4"]
[EventCountry "ESP"]
[SourceTitle "EXT 2020"]
[Source "ChessBase"]
[SourceDate "2019.10.17"]
[SourceVersion "1"]
[SourceVersionDate "2019.10.17"]
[SourceQuality "1"]
[WhiteTeam "Tres Peons"]
[BlackTeam "Lleida"]
[WhiteTeamCountry "ESP"]
[BlackTeamCountry "ESP"]

1. e4 d6 2. d4 Nf6 3. Nd2 g6 4. Bc4 Bg7 5. Qe2 e5 6. dxe5 dxe5 7. Ngf3 Qe7 8. 0-0 0-0 9. b3 h6 10. a4 Nh5 11. Ba3 Qf6 12. Bxf8 Bxf8 13. g3 Bh3 14. Rfd1 Nc6 15. c3 a5 16. Nf1 Nd8 17. Ne3 c6 18. Nh4 Bc5 19. Qf3 Nf4 20. gxf4 Qxh4 21. Qg3 Qh5 22. f5 Kh7 23. fxg6+ Qxg6 24. Qxg6+ Kxg6 25. Nf5 Bxf5 26. exf5+ Kxf5 27. Rd7 Kf6 28. Rad1 Be7 29. R1d3 Ne6 30. Bxe6 Kxe6 31. Rxb7 f5 32. Rb6 Rc8 33. Ra6 e4 34. Rh3 Bg5 35. Rxa5 Rd8 36. Rc5 Rd1+ 37. Kg2 f4 38. Rxc6+ Kf5 39. f3 e3 40. Rc5+ Kf6 41. Rc6+ Ke5 42. Rc4 Kf5 43. Re4 Kg6 44. a5 Ra1 45. b4 h5 46. c4 h4 47. c5 Ra2+ 48. Kf1 Ra1+ 49. Ke2 Ra2+ 50. Kd3 Rd2+ 51. Kc4 Bf6 52. a6 Ra2 53. Rxf4 Rxa6 54. Re4 Ra3 55. f4 Rc3+ 56. Kb5 Bd4 57. Rxd4 e2 58. Re4 e1Q 59. Rxe1 Rxh3 60. Re2 Kf5 61. c6 1-0

[Event "Catalunya-chT Gp1"]
[Site "Barcelona"]
[Date "2019.03.02"]
[Round "7.6"]
[White "Quintas Galeano, Lluis"]
[Black "Zurano Lopez, Pedro"]
[Result "0-1"]
[WhiteElo "2091"]
[BlackElo "2291"]
[PlyCount "94"]
[EventDate "2019.01.19"]
[EventType "team-tourn"]
[EventRounds "7"]
[EventCountry "ESP"]
[SourceTitle "CBM 189 Extra"]
[Source "ChessBase"]
[SourceDate "2019.06.03"]
[SourceVersion "1"]
[SourceVersionDate "2019.06.03"]
[SourceQuality "1"]
[WhiteTeam "Lleida"]
[BlackTeam "Salou Escola Escacs"]
[WhiteTeamCountry "ESP"]
[BlackTeamCountry "ESP"]

1. e4 c6 2. d4 d5 3. Nd2 g6 4. h3 Bg7 5. Ngf3 dxe4 6. Nxe4 Nd7 7. c3 Ngf6 8. Ng3 0-0 9. Bc4 c5 10. dxc5 Qc7 11. 0-0 Nxc5 12. Qe2 a6 13. a4 Be6 14. Be3 Nd5 15. Bd2 Nf4 16. Bxf4 Qxf4 17. Bxe6 Nxe6 18. Rfe1 Rfd8 19. Qe4 Rd7 20. Rad1 Rad8 21. Rxd7 Rxd7 22. Qxf4 Nxf4 23. Ne4 Rd5 24. g3 Ne6 25. Kg2 h6 26. Rc1 f5 27. Ned2 Nc5 28. b3 e5 29. Nc4 e4 30. Nfd2 b5 31. axb5 axb5 32. b4 bxc4 33. Nxc4 Nd3 34. Rb1 Bxc3 35. b5 Nb2 36. Rxb2 Bxb2 37. Nxb2 Rxb5 38. Nc4 Kg7 39. h4 Rc5 40. Ne3 g5 41. hxg5 hxg5 42. Kh3 f4 43. Ng4 Rc2 44. gxf4 gxf4 45. Kg2 Kg6 46. Kg1 Kg5 47. Nh2 f3 0-1

[Event "Catalunya-chT Gp1"]
[Site "Barcelona"]
[Date "2019.02.23"]
[Round "6.6"]
[White "Pijuan Herranz, Manuel"]
[Black "Quintas Galeano, Lluis"]
[Result "1/2-1/2"]
[WhiteElo "2206"]
[BlackElo "2091"]
[PlyCount "38"]
[EventDate "2019.01.19"]
[EventType "team-tourn"]
[EventRounds "7"]
[EventCountry "ESP"]
[SourceTitle "CBM 189 Extra"]
[Source "ChessBase"]
[SourceDate "2019.06.03"]
[SourceVersion "1"]
[SourceVersionDate "2019.06.03"]
[SourceQuality "1"]
[WhiteTeam "Figueres"]
[BlackTeam "Lleida"]
[WhiteTeamCountry "ESP"]
[BlackTeamCountry "ESP"]

1. d4 d6 2. Nf3 Bg4 3. c4 Bxf3 4. exf3 c6 5. Nc3 Nf6 6. Be3 g6 7. Qd2 Na6 8. Rb1 Nc7 9. b4 Bg7 10. Bd3 d5 11. c5 0-0 12. 0-0 e5 13. dxe5 d4 14. Bxd4 Qxd4 15. exf6 Bxf6 16. Ne4 Rad8 17. Rfd1 Nd5 18. Qc1 Nc3 19. Nxc3 Qxc3 1/2-1/2

[Event "Catalunya-chT Gp1"]
[Site "Barcelona"]
[Date "2019.02.16"]
[Round "5.7"]
[White "Delisau Gil, Oriol"]
[Black "Quintas Galeano, Lluis"]
[Result "1-0"]
[WhiteElo "2197"]
[BlackElo "2091"]
[PlyCount "109"]
[EventDate "2019.01.19"]
[EventType "team-tourn"]
[EventRounds "7"]
[EventCountry "ESP"]
[SourceTitle "CBM 189 Extra"]
[Source "ChessBase"]
[SourceDate "2019.06.03"]
[SourceVersion "1"]
[SourceVersionDate "2019.06.03"]
[SourceQuality "1"]
[WhiteTeam "Sant Andreu"]
[BlackTeam "Lleida"]
[WhiteTeamCountry "ESP"]
[BlackTeamCountry "ESP"]

1. Nf3 d6 2. c4 e5 3. Nc3 c6 4. d4 Nd7 5. e4 Ngf6 6. Be2 Be7 7. 0-0 0-0 8. Rb1 a6 9. b4 b5 10. a4 Bb7 11. dxe5 dxe5 12. c5 Qc7 13. Qc2 Rfe8 14. h3 Nf8 15. Be3 Ne6 16. Rfd1 Rad8 17. g3 Bc8 18. Kg2 h6 19. axb5 axb5 20. Qa2 Nh7 21. Rxd8 Rxd8 22. Rd1 Nhg5 23. Rxd8+ Bxd8 24. Nxg5 Bxg5 25. Bxg5 Nxg5 26. Qa8 Kh7 27. h4 Ne6 28. Bg4 Bd7 29. Bxe6 Bxe6 30. Nd1 Qd7 31. Ne3 g6 32. Kf3 h5 33. Kg2 f5 34. exf5 gxf5 35. Qf8 Kg6 36. Kh2 Bf7 37. Qb8 Qe6 38. Qd8 Qf6 39. Qd3 Be6 40. Nd1 e4 41. Qe3 Kf7 42. Qf4 Kg6 43. Ne3 Bb3 44. Ng2 Bd1 45. Qc7 Bf3 46. Nf4+ Kh6 47. Qd6 Kg7 48. Ne6+ Kg6 49. Qxc6 Kh6 50. Qd6 e3 51. Qf4+ Kg6 52. Qxe3 Ba8 53. Qg5+ Kf7 54. Qxf6+ Kxf6 55. Nd4 1-0

[Event "Catalunya-chT Gp1"]
[Site "Barcelona"]
[Date "2019.01.19"]
[Round "1.6"]
[White "Quintas Galeano, Lluis"]
[Black "Garrido Fernandez, Daniel"]
[Result "0-1"]
[WhiteElo "2091"]
[BlackElo "2194"]
[PlyCount "100"]
[EventDate "2019.01.19"]
[EventType "team-tourn"]
[EventRounds "7"]
[EventCountry "ESP"]
[SourceTitle "CBM 188 Extra"]
[Source "ChessBase"]
[SourceDate "2019.02.26"]
[SourceVersion "1"]
[SourceVersionDate "2019.02.26"]
[SourceQuality "1"]
[WhiteTeam "Lleida"]
[BlackTeam "Foment Martinenc"]
[WhiteTeamCountry "ESP"]
[BlackTeamCountry "ESP"]

1. e4 c5 2. Nc3 Nc6 3. g3 g6 4. Bg2 Bg7 5. d3 d6 6. f4 e6 7. Nf3 Nge7 8. 0-0 0-0 9. Be3 b6 10. Qd2 Ba6 11. f5 exf5 12. Bh6 fxe4 13. Bxg7 Kxg7 14. Nxe4 d5 15. Nf2 f5 16. Ng5 Qd6 17. Rae1 Rf6 18. Ngh3 Rd8 19. Nf4 Bc8 20. c3 Kh8 21. Re2 Rg8 22. N4h3 Kg7 23. Rfe1 h6 24. Qf4 Qd8 25. Kh1 Rgf8 26. b4 cxb4 27. cxb4 g5 28. Qd2 Ng6 29. Qb2 b5 30. Rc2 Qd6 31. Rc5 Nce7 32. Qd4 Bd7 33. a3 a6 34. g4 Kh7 35. Bf3 Nh4 36. Bd1 fxg4 37. Nxg4 Rf1+ 38. Rxf1 Rxf1+ 39. Ng1 Rxd1 40. Nf6+ Kg6 41. Nxd5 Rxg1+ 42. Qxg1 Nxd5 43. Qd4 Bc6 44. Qe4+ Kg7 45. Kg1 Ne7 46. Qe3 Nf3+ 47. Kf1 Nxh2+ 48. Ke1 Nf3+ 49. Kd1 Kf7 50. Rc2 Qd4 0-1

[Event "Lleida-ch"]
[Site "Almenar"]
[Date "2018.11.25"]
[Round "8"]
[White "Quintas Galeano, Lluis"]
[Black "Arno Bendicho, Arnau"]
[Result "1/2-1/2"]
[WhiteElo "2079"]
[BlackElo "2055"]
[PlyCount "126"]
[EventDate "2018.09.30"]
[EventType "swiss"]
[EventRounds "9"]
[EventCountry "ESP"]
[SourceTitle "CBM 187 Extra"]
[Source "ChessBase"]
[SourceDate "2018.11.04"]
[SourceVersion "1"]
[SourceVersionDate "2018.11.04"]
[SourceQuality "1"]

1. e4 e5 2. Nf3 Nc6 3. Bb5 Nf6 4. d3 Bc5 5. h3 Nd4 6. Nxd4 Bxd4 7. Nc3 c6 8. Bc4 0-0 9. 0-0 d5 10. exd5 Nxd5 11. Nxd5 cxd5 12. Bb3 a5 13. c3 Bb6 14. d4 exd4 15. cxd4 Bc7 16. Qh5 Ra6 17. Be3 Rg6 18. Bc2 Qd6 19. f4 f5 20. Qf3 Be6 21. Rae1 Qb4 22. Re2 Qd6 23. Bb3 b5 24. Bd2 Rd8 25. a4 Qb6 26. Be3 bxa4 27. Bxa4 Qb4 28. Bc2 Bb6 29. Rd1 Bc8 30. Bf2 Re6 31. Rde1 Rxe2 32. Rxe2 Bxd4 33. Bb3 Bxf2+ 34. Kxf2 Kf8 35. Kg3 d4 36. Qd3 g6 37. Re5 Ba6 38. Rxf5+ Kg7 39. Rf7+ Kh6 40. Qf3 Be2 41. Qb7 Qxb7 42. Rxb7 Re8 43. Kf2 d3 44. Bc4 Re4 45. Bg8 Rxf4+ 46. Ke3 Rb4 47. Rxb4 axb4 48. Bc4 Bf1 49. g3 Kg5 50. Be6 Kf6 51. Bc8 Ke5 52. h4 h6 53. Bd7 g5 54. Bc8 gxh4 55. gxh4 Kd5 56. Bd7 Kd6 57. Bf5 d2 58. Kxd2 Ke5 59. Bd7 Kf4 60. Be6 h5 61. Kc2 Kg3 62. Kb3 Kxh4 63. Bf7 Kg4 1/2-1/2

[Event "Lleida-ch"]
[Site "Almenar"]
[Date "2018.11.18"]
[Round "7"]
[White "Quintas Galeano, Lluis"]
[Black "Barbero Sendic, Alejandro"]
[Result "1/2-1/2"]
[WhiteElo "2079"]
[BlackElo "2383"]
[PlyCount "72"]
[EventDate "2018.09.30"]
[EventType "swiss"]
[EventRounds "9"]
[EventCountry "ESP"]
[SourceTitle "CBM 187 Extra"]
[Source "ChessBase"]
[SourceDate "2018.11.04"]
[SourceVersion "1"]
[SourceVersionDate "2018.11.04"]
[SourceQuality "1"]

1. e4 e6 2. d3 d5 3. Nd2 c5 4. Ngf3 Nc6 5. g3 g6 6. Bg2 Bg7 7. 0-0 Nge7 8. Re1 b6 9. c3 0-0 10. Nf1 dxe4 11. dxe4 h6 12. h4 Ba6 13. Qa4 Qc8 14. e5 Bd3 15. N1h2 b5 16. Qd1 Rd8 17. Bf4 Bf1 18. Qc1 Bxg2 19. Kxg2 h5 20. Bh6 Qb7 21. Bxg7 Kxg7 22. Qg5 Nd5 23. Rad1 Qe7 24. Qc1 Nb6 25. Rxd8 Rxd8 26. Ng5 Nc4 27. Nhf3 Rd5 28. Qf4 Nxb2 29. Re3 Nd3 30. Rxd3 Rxd3 31. Ne4 Rd5 32. Nf6 Rxe5 33. Nxe5 Nxe5 34. Nxh5+ gxh5 35. Qxe5+ Kg6 36. Qe1 Qf6 1/2-1/2

[Event "Lleida-ch"]
[Site "Almenar"]
[Date "2018.10.28"]
[Round "4"]
[White "Masague Artero, Guerau"]
[Black "Quintas Galeano, Lluis"]
[Result "1-0"]
[WhiteElo "2218"]
[BlackElo "2079"]
[PlyCount "73"]
[EventDate "2018.09.30"]
[EventType "swiss"]
[EventRounds "9"]
[EventCountry "ESP"]
[SourceTitle "CBM 187 Extra"]
[Source "ChessBase"]
[SourceDate "2018.11.04"]
[SourceVersion "1"]
[SourceVersionDate "2018.11.04"]
[SourceQuality "1"]

1. d4 g6 2. c4 Bg7 3. Nf3 c5 4. e3 Nf6 5. Nc3 0-0 6. d5 d6 7. Be2 e6 8. 0-0 exd5 9. cxd5 Re8 10. Nd2 a6 11. a4 Nbd7 12. h3 Rb8 13. Nc4 Nb6 14. Na3 Qc7 15. Re1 Re5 16. Bf3 Bd7 17. e4 c4 18. Bf4 Ne8 19. Be2 Re7 20. a5 Na8 21. Bxc4 Qxa5 22. Bd3 Qd8 23. Nc4 Bc8 24. Qb3 Kh8 25. e5 dxe5 26. Nxe5 Nd6 27. Nc4 Rxe1+ 28. Rxe1 Nxc4 29. Bxb8 Na5 30. Qb4 Bd7 31. Qf4 Qf6 32. Qb4 Qd8 33. Bd6 b5 34. Be7 Qb6 35. Bc5 Qc7 36. Bd4 Nc4 37. Qf8# 1-0